LEADER 01236nam--2200385---450- 001 990001359790203316 005 20051201142156.0 035 $a000135979 035 $aUSA01000135979 035 $a(ALEPH)000135979USA01 035 $a000135979 100 $a20040121d1972----km-y0itay0103----ba 101 0 $aita 102 $aIT 105 $aa|||||||001yy 200 1 $a<> duomo di Orvieto e l'architettura italiana del Duecento e Trecento$fRenato Bonelli 210 $aRoma$cOfficina$d1972 215 $a88 p., [50] c. di tav.$cill.$d28 cm 225 2 $aLetture di opere architettoniche$v2 410 0$12001$aLetture di opere architettoniche$v2 454 1$12001 461 1$1001-------$12001 606 0 $aPorte bronzee bizantine$yItalia$xChiese 676 $a786 700 1$aBONELLI,$bRenato$024102 801 0$aIT$bsalbc$gISBD 912 $a990001359790203316 951 $aXII.2.C. 217(VII A coll 57/2)$b69412 L.M.$cVII A 959 $aBK 969 $aUMA 979 $aSIAV7$b10$c20040121$lUSA01$h1515 979 $aPATRY$b90$c20040406$lUSA01$h1736 979 $aCOPAT6$b90$c20051201$lUSA01$h1421 996 $aDuomo di Orvieto e l'architettura italiana del Duecento e Trecento$9932510 997 $aUNISA LEADER 01343nam--2200373---450- 001 990003184230203316 005 20081218160016.0 010 $a978-88-217-2889-1 035 $a000318423 035 $aUSA01000318423 035 $a(ALEPH)000318423USA01 035 $a000318423 100 $a20081218d2008----km-y0itay50------ba 101 $aita 102 $ait 105 $a||||||||001yy 200 1 $aModello di organizzazione, gestione e controllo ex D.Lgs. 231/2001$elinee guida per la redazione, presentazione ed applicazione$eil caso ALPE holding Spa$fAlberto Pesenato 210 $a[Milanofiori, Assago]$cIpsoa$d2008 215 $aXIV, 473 p.$d24 cm$e1 cd-rom 225 2 $aRevisione, controllo e governance 410 0$1001$12001$aRevisione, controllo e governance 606 0 $aAziende$xGestione$xControllo$xGuide pratiche$xCasi[:] Alpe holding Spa$2BNCF 676 $a658.4013 700 1$aPESENATO,$bAlberto$0373934 801 0$aIT$bsalbc$gISBD 912 $a990003184230203316 951 $a658.401 PES 1$b61760 G.$c658.401$d00210900 959 $aBK 969 $aGIU 979 $aCHIARA$b90$c20081218$lUSA01$h1557 979 $aCHIARA$b90$c20081218$lUSA01$h1558 979 $aCHIARA$b90$c20081218$lUSA01$h1600 996 $aModello di organizzazione, gestione e controllo ex D.Lgs. 231$91014272 997 $aUNISA LEADER 02339 am 2200493 n 450 001 9910283541803321 005 20240125154638.0 010 $a979-1-02-401066-3 024 7 $a10.4000/books.purh.3266 035 $a(CKB)4100000005959185 035 $a(FrMaCLE)OB-purh-3266 035 $a(oapen)https://directory.doabooks.org/handle/20.500.12854/40980 035 $a(PPN)241291070 035 $a(EXLCZ)994100000005959185 100 $a20180828j|||||||| ||| 0 101 0 $afre 135 $auu||||||m|||| 181 $ctxt$2rdacontent 182 $cc$2rdamedia 183 $acr$2rdacarrier 200 10$aAntiquitez du Havre de Grâce $eUne histoire inédite écrite en 1711 /$fJean Laignel 210 $aMont-Saint-Aignan $cPresses universitaires de Rouen et du Havre$d2018 215 $a1 online resource (231 p.) 311 $a2-87775-502-9 330 $aÉcrites par le mercier Jean Laignel en 1711, poursuivies jusqu?en 1738 par un capitaine de navire, un cordonnier, un avocat et un abbé sonneur de cloches, ces Antiquitez du Havre de Grâce constituent une histoire du Havre depuis sa fondation, puisée aux meilleures sources d?archives de l?époque. Bien qu?anonyme, cette histoire fut reconnue pour sa fiabilité et son exactitude par les Havrais pendant plus d?un siècle. Hervé Chabannes et Dominique Rouet publient ici non seulement le texte dans sa langue originale, mais aussi ses variantes, continuations, ainsi que les plans originaux inédits. Ce texte fondamental pour l?historiographie havraise est précédé d?une présentation historique et de l?enquête qui a permis de retrouver les manuscrits et d?identifier les auteurs restés dans l?anonymat depuis 300 ans. 606 $aHistory 606 $aLe Havre 606 $ahistoriographie 610 $ahistoriographie 610 $aLe Havre 615 4$aHistory 615 4$aLe Havre 615 4$ahistoriographie 700 $aLaignel$b Jean$01300387 701 $aChabannes$b Hervé$01295372 701 $aSaunier$b Eric$01285970 701 $aWauters$b Éric$01285971 701 $aChabannes$b Hervé$01295372 701 $aRouet$b Dominique$01287544 801 0$bFR-FrMaCLE 906 $aBOOK 912 $a9910283541803321 996 $aAntiquitez du Havre de Grâce$93025535 997 $aUNINA